000 00476nam a2200169 4500
003 SEACOMEC
005 20250128121035.0
008 250128b |||||||| |||| 00| 0 eng d
020 _a9788121928595
_c295.00
040 _aSEACOMEC
082 _a621.38
_bR161
100 _a Rajput, RK
245 _aA Textbook of Mechatronics :
_bFor Engineering Students of BE, B.Tech Courses /
_cRK Rajput
260 _aNew Delhi :
_bS. Chand,
_c 2007
300 _a618 p
942 _cBOOK
999 _c1973
_d1973